Pokémon - Champions d'Arène - Gladys (D/P/Pt) - Statistiques

Statistiques générales
  • Ce quiz a été pris 33 fois
  • Le résultat moyen est 94 sur 123
Statistiques - réponses
Hint Réponse % Correct
| Blizzaroi
100%
Blizzi
100%
Charmina
100%
Capacités Grêle
100%
Momartik
100%
Type Combat
95%
Dimoret
95%
| Farfuret
95%
Type Glace
95%
Type Plante
95%
Type Psy
95%
Type Spectre
95%
Talent Alerte Neige
90%
Cochignon
90%
Capacités Grêle
90%
Mammochon
90%
Capacités Martobois
90%
Type Sol
90%
Type Ténèbres
90%
CT | Capacités Avalanche
85%
Capacités Ball'Ombre
85%
Capacités Blizzard
85%
Ville Frimapic
85%
Capacités Séisme
85%
Niv 38
80%
Niv 40
80%
Niv 42
80%
Capacités Éclats Glace
80%
Capacités Poinglace
80%
Capacités Psyko
80%
Capacités Tranche
80%
Niv 61
75%
Niv 63
75%
Niv 65
75%
Givrali
75%
Niv 44
70%
Niv 62
70%
Capacités Racines
70%
Capacités Aéropique
65%
Objet Baie Sitrus
65%
Talent Rideau Neige
65%
Capacités Vibraqua
65%
Capacités Feinte
60%
Badge Glaçon
60%
Capacités Lame de Roc
60%
Talent Pression
60%
Capacités Exploforce
50%
Capacités Forte-Paume
50%
Capacités Gonflette
50%
Capacités Onde Folie
50%
Talent Benêt
45%
Talent Force Pure
45%
Capacités Tranch'Herbe
45%
Capacités Vent Mauvais
45%
Capacités Voile Miroir
45%
Capacités Détection
40%
Capacités Pouvoir Antique
35%
Talent Attention
30%
Capacités Provoc
30%
Capacités Siffl'Herbe
30%
Capacités Groz'Yeux
25%
Capacités Reflet
25%
Talent Regard Vif
25%
Capacités Vantardise
15%
Aucun quiz correspondant
Distribution des résultats
% des personnes avec chaque résultat
Percentile par nombre de réponses
Votre historique - résultats
Vous n’avez pas pris ce quiz